Elenca la formazione - Quiz n°125 - Statistics

Statistiche generali
  • Questo quiz è stato fatto 44 volte
  • Il punteggio medio è 8 su 11
Statistiche sulle risposte
Ruolo Nazione Calciatore % Corretto
Difensore Austria David Alaba
98%
Portiere Germania Manuel Neuer
98%
Centrocampista Francia Franck Ribéry
93%
Attaccante Germania Thomas Müller
85%
Difensore Germania Jérôme Boateng
83%
Difensore Brasile Dante
80%
Mediano Germania Philipp Lahm
73%
Difensore Brasile Rafinha
61%
Centrocampista Spagna Thiago
61%
Centrocampista Germania Toni Kroos
54%
Centrocampista Svizzera Xherdan Shaqiri
54%
Nessun quiz corrispondente trovato
Distribuzione punteggi
Percentuale di utenti per punteggio
Percentile per numero di risposta
I tuoi punteggi nel tempo
Non hai fatto questo quiz